000 00597nam a2200205Ia 4500
003 GCL
008 140319s9999 xx 000 0 ara d
040 _aGCL /
_cGCL
082 0 4 _aق
_b363.20962
_bم ا
100 1 _aمحمد فتحى عيد
245 1 0 _aالامان فى مصر /
_cمحمد فتحى عيد
300 _a127 ص
490 _aمصر الحضارة
_v0
650 0 4 _aالجريمة والمجرمون
650 0 4 _aمكافحة المخدرات
650 0 4 _aالشرطة
650 0 4 _aعلم الاجرام
650 0 4 _aالقاهرة - الشرطة
942 _2ddc
_cBK
999 _c51929
_d51929